Histoire du panthéisme populaire au Moyen Age et au seizième siècle / (Record no. 156503)

MARC details
000 -LEADER
campo de control de longitud fija 00642nam a22001815i 4500
001 - NÚMERO DE CONTROL
campo de control 156503
003 - IDENTIFICADOR DE NÚMERO DE CONTROL
campo de control ES-MaACL
005 - FECHA Y HORA DE LA ÚLTIMA TRANSACCIÓN
campo de control 20230906210427.0
008 - DATOS DE LONGITUD FIJA--INFORMACIÓN GENERAL
campo de control de longitud fija 040805s1875 fr |||| | fre d
040 ## - FUENTE DE CATALOGACIÓN
Centro catalogador/agencia de origen CAM
Lengua de catalogación spa
Centro/agencia transcriptor CAM
100 1# - ENTRADA PRINCIPAL--NOMBRE DE PERSONA
Nombre de persona Jundt, Auguste.
9 (RLIN) 128397
245 10 - MENCIÓN DEL TÍTULO
Título Histoire du panthéisme populaire au Moyen Age et au seizième siècle /
Mención de responsabilidad, etc. par Auguste Jundt.
260 ## - PUBLICACIÓN, DISTRIBUCIÓN, ETC.
Lugar de publicación, distribución, etc. Paris :
Nombre del editor, distribuidor, etc. Sandoz et Fischbacher,
Fecha de publicación, distribución, etc. 1875 (
Lugar de fabricación/manufactura Strasbourg :
Fabricante typographie de G. Fischbacher)
300 ## - DESCRIPCIÓN FÍSICA
Extensión 310 p. ;
Dimensiones 25 cm.
650 04 - PUNTO DE ACCESO ADICIONAL DE MATERIA--TÉRMINO DE MATERIA
Término de materia o nombre geográfico como elemento de entrada Panteísmo-
Subdivisión cronológica Edad Media.
9 (RLIN) 136649
650 04 - PUNTO DE ACCESO ADICIONAL DE MATERIA--TÉRMINO DE MATERIA
Término de materia o nombre geográfico como elemento de entrada Panteísmo-
Subdivisión cronológica S. XVI.
9 (RLIN) 136650
852 ## - LOCALIZACIÓN
Ubicación ES-MaACL
Número de control de estantería F-6468
Nota libre -- Enc. hol.
Holdings
Estatus retirado Estado de pérdida Estado de daño No para préstamo Colección Biblioteca de origen Biblioteca actual Ubicación en estantería Fecha de adquisición Fuente de adquisición Total de préstamos Signatura topográfica completa Código de barras Visto por última vez Precio de reemplazo Tipo de ítem Koha
        Libros del s. XIX Biblioteca del Ateneo de Madrid Biblioteca del Ateneo de Madrid Depósito 2 17/01/2008     F-6468 1163739 23/02/2023 23/02/2023 Libro impreso antiguo